- Andolfi, Maurizio,
Entry Nombre Personal
001 - NUMERO DE CONTROL
- campo de control: 37400
003 - IDENTIFICADOR DE NUMERO DE CONTROL
- campo de control: DLC
005 - FECHA Y HORA DE LA ÜLTIMA TRANSACCIÓN
- campo de control: 20220506092520.0
008 - DATOS DE LONGITUD FIJA
- campo de control de longitud fija: 220506n| azannaabn |a aaa
010 ## - NÚMERO DE CONTROL DE LA BIBLIOTECA DEL CONGRESO
- Número de control LC: n 78092016
035 ## - NUMERO DE CONTROL
- Número de control: (OCoLC)oca00227130
040 ## - FUENTE DE CATALOGACIÓN
- Agencia original de catalogación: DLC
- Lenguaje de catalogación: spa
- Agencia de transcripción: DLC
- Agencia que lo modifica: Uk
- Description conventions: rda
- Agencia que lo modifica: DNLM
- Agencia que lo modifica: MX-MxUPN
046 ## - FECHAS CON CODIFICACIÓN ESPECIAL
- Fecha de nacimiento: 1942-11-28
- Fuente del formato de fecha: edtf
100 1# - ENCABEZAMIENTO - NOMBRE PERSONAL
- Nombre personal: Andolfi, Maurizio,
- Fechas asociadas con el nombre: 1942-
372 ## - CAMPO DE ACTIVIDAD
- Field of activity: Neuropsiquiatría
- Field of activity: Psicoterapia
373 ## - GRUPO ASOCIADO
- Associated group: Universidad "La Sapienza"
- Associated group: Academia de Psicoterapia de la Familia
374 ## - OCUPACIÓN
- Occupation: Neuropsiquiatra infantil
- Occupation: Psicoterapeuta
- Occupation: Profesor universitario
375 ## - GÉNERO
- Gender: masculino
377 ## - LENGUA ASOCIADA
- Language code: ita
400 1# - VEÁSE - NOMBRE DE PERSONA
- Personal name: Andolfi, M.
- Fuller form of name: (Maurizio)
670 ## - FUENTE EN LA QUE SE LOCALIZARON DATOS
- Cita de la fuente: En su obra: La terapia con la famiglia, 1977.
670 ## - FUENTE EN LA QUE SE LOCALIZARON DATOS
- Cita de la fuente: Dimensions of family therapy, 1980:
- Información localizada: portada (Maurizio Andolfi) CIP hoja de datos (b. 11/28/42)
670 ## - FUENTE EN LA QUE SE LOCALIZARON DATOS
- Cita de la fuente: La familia rigida, 1982:
- Información localizada: portada (M. Andolfi) página11 (Maurizio Andolfi)
670 ## - FUENTE EN LA QUE SE LOCALIZARON DATOS
- Cita de la fuente: En sitio web Rincón del vago Psicología, consultado Mayo 05, 2022:
- Información localizada: (Maurizio Andolfi, es neuropsiquiatra infantil, psicoterapeuta y maestro internacional de Terapia Familiar. Es profesor de psicodinámica de las relaciones familiares en la carrera de Psicología de la Universidad "La Sapienza" de Roma, director de la Academia de Psicoterapia de la Familia y director de la revista Terapia Familiar.)
- Uniform Resource Identifier: https://html.rincondelvago.com/maurizio-andolfi.html
902 ## - CATALOGADOR
- Catalogador: NDAF/220506
